00490nam a22001457a 450000500170000000800410001704000730005804100080013110000280013924500780016726000390024530000180028465000230030265000190032520240509075655.0130821s1910 enk gr eng  aCo-BoUCMbspacDeissy Garcia (modificó)dDavid Moreno (modificó)00aeng1 aRuskin, Johnd1819-190010aSesame liles unto this last and the political economy of artcJohn Ruskin aLondresbCassell and Companyc1910 a334 Páginas14aLiteratura inglesa14aNovela inglesa